Pixar or DreamWorks? Quiz Stats

 Plays Quiz Updated Jan 11, 2019

Challenge
Share
Tweet
Embed
Score 0/20 Timer 01:30
8 Plays Today
Movie Company % Correct
Toy Story???
92.6%
Cars???
91.2%
WALL-E???
91%
Finding Nemo???
90.4%
Monsters Inc???
89.8%
Up???
89.4%
The Incredibles???
88.8%
Over the Hedge???
87.1%
A Bug's Life???
85.9%
Kung Fu Panda???
85.8%
Movie Company % Correct
Ratatouille???
85.5%
How to Train Your Dragon???
85.2%
Bee Movie???
85%
Megamind???
85%
Shrek???
84.9%
Madagascar???
84.9%
Shark Tale???
84.2%
Monsters vs. Aliens???
83.7%
Brave???
80.2%
Antz???
79.1%

You're not logged in!

Compare scores with friends on all Sporcle quizzes.
OR
Log In

You Might Also Like...

Show Comments

Extras

Top Quizzes Today


Score Distribution

Your Account Isn't Verified!

In order to create a playlist on Sporcle, you need to verify the email address you used during registration. Go to your Sporcle Settings to finish the process.

Report this User

Report this user for behavior that violates our Community Guidelines.

Details: